000
00210nam a2200085Ia 4500
008
180219s9999 xx 000 0 und d
100
_a
N C E R T
245
0
_a
Sevanth All India School Education Survey
260
_a
N.C.E.R.T
260
_c
2007
999
_c
42741
_d
42741